000
00305nam a2200121Ia 4500
008
190216s9999||||xx |||||||||||||| ||und||
100
_a
Kutty T R N & Tareen J A K
245
0
_a
Basic Course In Crystalography
260
_b
University Press
_c
2001
300
_a
205p
650
_a
Chemistry
942
_c
BK
999
_c
3118
_d
3118